000 00615nam a2200217 a 4500
003 SISC
005 20170302123852.0
008 050726s19uu xx 00 eng d
020 _a9789814624619
050 _aHD 58.7
_b.Sch34 2008
100 _aSchermerhorn, John R. Jr.
245 _aOrganizational behavior /
_cJohn R. Schermerhorn Jr.
250 _a10th ed.
260 _aSingapore :
_bJohn Wiley & Sons,
_c2008.
300 _a135 p. :
_bill. ;
_c23 cm.
650 _aOrganizational behavior.
700 _aHunt, James G.
700 _aOsborn, Richard N.
942 _cBK
_2lcc
_kFOR
999 _c317067
_d317067